NLSUI OPAC header image

Capital markets handbook (Record no. 19996)

MARC details
000 -LEADER
fixed length control field 00804nam a2200229Ia 4500
003 - CONTROL NUMBER IDENTIFIER
control field OSt
005 - DATE AND TIME OF LATEST TRANSACTION
control field 20211018131137.0
008 - FIXED-LENGTH DATA ELEMENTS--GENERAL INFORMATION
fixed length control field 160316s2001 xxu||||| |||| 00| 0 eng d
020 ## - INTERNATIONAL STANDARD BOOK NUMBER
International Standard Book Number 9780735516427
040 ## - CATALOGING SOURCE
Transcribing agency .
082 ## - DEWEY DECIMAL CLASSIFICATION NUMBER
Classification number 346.092000
Item number BUR
100 ## - MAIN ENTRY--PERSONAL NAME
Personal name Burch John C
245 ## - TITLE STATEMENT
Title Capital markets handbook
250 ## - EDITION STATEMENT
Edition statement 2nd
260 ## - PUBLICATION, DISTRIBUTION, ETC.
Place of publication, distribution, etc. Gauthersburg
Name of publisher, distributor, etc. Aspen Law & Publishers
Date of publication, distribution, etc. 2001
300 ## - PHYSICAL DESCRIPTION
Extent 983p
Dimensions xxix
365 ## - TRADE PRICE
Price amount Rs.9,324
650 ## - SUBJECT ADDED ENTRY--TOPICAL TERM
Topical term or geographic name entry element 1. Capital Market - Law & Legislation - U S A 2. Securities - U S A3. Stock Exchanges - Law & Legislation - U S A 4. Corporations - Finance - Law & Legislation - U S A
700 ## - ADDED ENTRY--PERSONAL NAME
Personal name Forester Bruce S
--
856 ## - ELECTRONIC LOCATION AND ACCESS
Uniform Resource Identifier <a href="https://www.google.co.in/books/edition/Capital_Markets_Handbook/lK0cNusTsugC?hl=en&gbpv=1&printsec=frontcover">https://www.google.co.in/books/edition/Capital_Markets_Handbook/lK0cNusTsugC?hl=en&gbpv=1&printsec=frontcover</a>
942 ## - ADDED ENTRY ELEMENTS (KOHA)
Source of classification or shelving scheme Dewey Decimal Classification
Koha item type BOOKs
Holdings
Withdrawn status Lost status Damaged status Not for loan Home library Current library Shelving location Date acquired Cost, normal purchase price Total Checkouts Full call number Barcode Date last seen Price effective from Koha item type
        NLS NLS Library Compactors 30/05/2017 9324.00   346.092 BUR 18162 30/05/2017 30/05/2017 BOOKs